Normal view
MARC view
- NOWY,G.EDWARD
Entry Personal Name
001 - CONTROL NUMBER
- control field: 90469
003 - CONTROL NUMBER IDENTIFIER
- control field: NUST
005 - DATE AND TIME OF LATEST TRANSACTION
- control field: 20220308114850.0
008 - FIXED-LENGTH DATA ELEMENTS
- fixed length control field: 220308|| aca||aabn | a|a d
040 ## - CATALOGING SOURCE
- Original cataloging agency: NUST
- Transcribing agency: NUST
100 ## - HEADING--PERSONAL NAME
- Personal name: NOWY,G.EDWARD
670 ## - SOURCE DATA FOUND
- Source citation: Work cat.: (NUST): NOWY,G.EDWARD., PRE STRESSED CONCRETE /, 1996.
